[Event "11th Asrian Memorial 2018"]
[Site "Yerevan ARM"]
[Date "2018.06.21"]
[Round "1.35"]
[White "Gharibyan, Mamikon"]
[Black "Hakobyan, Yurik L."]
[Result "1-0"]
[WhiteTitle "FM"]
[WhiteElo "2275"]
[BlackElo "1509"]
[WhiteFideId "13308300"]
[BlackFideId "13308866"]
[EventDate "2018.06.21"]

1. Nf3 Nf6 2. b3 d5 3. Bb2 Bg4 4. e3 a6 5. c4 e6 6. Be2 Be7 7. O-O O-O 8. h3
Bxf3 9. Bxf3 c6 10. Qe2 Nbd7 11. d3 Nc5 12. Rd1 Rc8 13. Nc3 b5 14. d4 Ncd7 15.
e4 Nb6 16. e5 Ne8 17. c5 Nd7 18. b4 a5 19. bxa5 Qxa5 20. a4 b4 21. Nb1 Ra8 22.
Nd2 Nc7 23. Nb3 Qa6 24. Qe3 h6 25. Be2 Bg5 26. Bxa6 Bxe3 27. Bb7 Ra7 28. Bxc6
Nb8 29. Bb5 Bg5 30. g3 Rc8 31. f4 Be7 32. h4 Ne8 33. Rdb1 Nc6 34. Bc1 Kh7 35.
Bd2 g6 36. Bxc6 Rxc6 37. Bxb4 Ng7 38. Ba5 Nf5 39. Bb6 Ra8 40. Kf2 f6 41. Rg1 Kg7
42. Ke2 Bd8 43. a5 Bxb6 44. axb6 Rxa1 45. Rxa1 Nxg3+ 46. Kf3 Nf5 47. Ra7+ Kf8
48. b7 1-0

[Event "11th Asrian Memorial 2018"]
[Site "Yerevan ARM"]
[Date "2018.06.22"]
[Round "2.1"]
[White "Erigaisi, Arjun"]
[Black "Sasikiran, Krishnan"]
[Result "1/2-1/2"]
[WhiteTitle "FM"]
[BlackTitle "GM"]
[WhiteElo "2505"]
[BlackElo "2666"]
[WhiteFideId "35009192"]
[BlackFideId "5004985"]
[EventDate "2018.06.21"]

1. d4 Nf6 2. c4 e6 3. Nf3 d5 4. Nc3 Bb4 5. Bg5 h6 6. Bxf6 Qxf6 7. e3 O-O 8. Rc1
c6 9. Bd3 Nd7 10. O-O Qe7 11. a3 Bxc3 12. Rxc3 dxc4 13. Bxc4 b6 14. Bd3 c5 15.
Bb5 Rd8 16. Bc6 Rb8 17. Qc2 Bb7 18. Bxb7 Rxb7 19. Rd1 Rbb8 20. h3 a5 21. Rb1 Qf6
22. dxc5 Nxc5 23. b4 axb4 24. axb4 Ne4 25. Rc6 Nd6 1/2-1/2

[Event "11th Asrian Memorial 2018"]
[Site "Yerevan ARM"]
[Date "2018.06.22"]
[Round "2.2"]
[White "Melkumyan, Hrant"]
[Black "Mikaelyan, Arman"]
[Result "1/2-1/2"]
[WhiteTitle "GM"]
[BlackTitle "GM"]
[WhiteElo "2662"]
[BlackElo "2500"]
[WhiteFideId "13302485"]
[BlackFideId "13304852"]
[EventDate "2018.06.21"]

1. c4 c6 2. Nf3 Nf6 3. g3 g6 4. b3 Bg7 5. Bb2 b5 6. Na3 b4 7. Nc2 c5 8. a3 bxa3
9. Rxa3 O-O 10. Bg2 Bb7 11. O-O d6 12. d4 cxd4 13. Ncxd4 Nbd7 14. Qa1 a6 15. Rc1
Qb6 16. Nc2 Be4 17. Ne3 Qb7 18. Nd2 Bxg2 19. Nxg2 d5 20. cxd5 Qxd5 21. Nc4 Rfb8
22. Nf4 Qb5 23. Ne5 Nxe5 24. Bxe5 Ne8 25. Bxg7 Nxg7 26. e4 e6 27. h4 Rd8 28. Qc3
Nh5 29. Nxh5 Qxh5 30. Kg2 Qe2 31. Re1 Rd3 1/2-1/2

[Event "11th Asrian Memorial 2018"]
[Site "Yerevan ARM"]
[Date "2018.06.22"]
[Round "2.3"]
[White "Sargsyan, Shant"]
[Black "Sethuraman, S.P."]
[Result "0-1"]
[WhiteTitle "IM"]
[BlackTitle "GM"]
[WhiteElo "2499"]
[BlackElo "2657"]
[WhiteFideId "13306766"]
[BlackFideId "5021596"]
[EventDate "2018.06.21"]

1. d4 e6 2. c4 f5 3. g3 Nf6 4. Bg2 d5 5. Nf3 Bd6 6. O-O O-O 7. b3 Ne4 8. Ba3 b6
9. Qc1 Bb7 10. Bxd6 Qxd6 11. Nc3 a6 12. Qb2 Nd7 13. Rac1 c5 14. Rfd1 Rac8 15.
cxd5 exd5 16. dxc5 bxc5 17. e3 Rce8 18. Ne2 Ndf6 19. Nf4 Ng4 20. Rc2 a5 21. Qa3
Ra8 22. h3 Ngf6 23. Nd3 Ba6 24. Qb2 Rfe8 25. Nf4 Bb7 26. Nd2 Qe7 27. Nxe4 fxe4
28. Qa3 g5 29. Ne2 Ba6 30. Nc3 Rad8 31. Na4 Bd3 32. Rc3 d4 33. Rxc5 Nd7 34. exd4
Nxc5 35. Qxc5 Qf6 36. Qxa5 Rxd4 37. Qe1 h6 38. Qe3 Rc8 39. Nb2 Rc2 40. Nxd3 exd3
41. Bf3 d2 42. Kg2 Kg7 43. a4 Rd8 44. Qa7+ Kf8 45. Qa5 Kg7 46. Qa7+ Kg8 47. Qa5
Kh8 48. Be4 Rc3 49. Qa7 Kg8 50. Qh7+ Kf8 51. b4 Rc1 52. Bf3 Rc3 53. Be4 Rc1 54.
Bf3 Rxd1 55. Bxd1 Qc6+ 56. Kh2 Rd7 57. Qh8+ Ke7 58. b5 Qc5 59. Kg2 Qd5+ 60. Kg1
Kd6 61. Qxh6+ Kc5 62. Qf8+ Rd6 63. Qc8+ Kb4 64. Qc2 Qd4 65. Qb1+ Ka5 66. b6 Rxb6
67. Qf5+ Kb4 68. Qxg5 Kc3 69. Qa5+ Kb2 70. Qf5 Rf6 71. Qc2+ Ka1 72. Kh1 Rxf2 0-1

[Event "11th Asrian Memorial 2018"]
[Site "Yerevan ARM"]
[Date "2018.06.22"]
[Round "2.4"]
[White "Pogonina, Natalija"]
[Black "Pashikian, Arman"]
[Result "1/2-1/2"]
[WhiteTitle "WGM"]
[BlackTitle "GM"]
[WhiteElo "2469"]
[BlackElo "2608"]
[WhiteFideId "4147855"]
[BlackFideId "13301578"]
[EventDate "2018.06.21"]

1. d4 Nf6 2. c4 e6 3. g3 d5 4. Bg2 Bb4+ 5. Bd2 Be7 6. Nf3 O-O 7. O-O Nbd7 8. Qb3
Nb6 9. c5 Nc4 10. Qc2 b6 11. c6 a5 12. b3 Nxd2 13. Nbxd2 Ba6 14. Rfe1 a4 15.
bxa4 Qd6 16. a3 Ra7 17. Ne5 Rfa8 18. a5 bxa5 19. e3 a4 20. Reb1 Qd8 21. Qc3 Bd6 1/2-1/2

[Event "11th Asrian Memorial 2018"]
[Site "Yerevan ARM"]
[Date "2018.06.22"]
[Round "2.5"]
[White "Jumabayev, Rinat"]
[Black "Tutisani, Noe"]
[Result "1-0"]
[WhiteTitle "GM"]
[BlackTitle "FM"]
[WhiteElo "2594"]
[BlackElo "2469"]
[WhiteFideId "13702661"]
[BlackFideId "13602853"]
[EventDate "2018.06.21"]

1. Nf3 Nf6 2. c4 g6 3. Nc3 Bg7 4. e4 O-O 5. d4 c5 6. d5 d6 7. h3 e6 8. Bd3 Na6
9. O-O Nc7 10. Re1 Rb8 11. Rb1 exd5 12. cxd5 b5 13. a3 Nd7 14. Bg5 f6 15. Be3
Ne5 16. Nxe5 fxe5 17. b4 c4 18. Bf1 Bd7 19. Qd2 a6 20. Rb2 Ne8 21. a4 Nf6 22.
axb5 axb5 23. Ra1 Rf7 24. Rba2 Be8 25. Ra6 Rfb7 26. Be2 Bf8 27. f4 exf4 28. Bxf4
Rb6 29. Bg5 Be7 30. e5 dxe5 31. d6 Rxd6 32. Rxd6 Bxd6 33. Ra6 Bxb4 34. Qxd8 Rxd8
35. Bxf6 Rd2 36. Na2 Bc5+ 37. Kf1 Rd6 38. Rxd6 Bxd6 39. Nc3 Kf7 40. Ne4 Bc6 41.
Nxd6+ Kxf6 42. Bf3 c3 43. Ne4+ Bxe4 44. Bxe4 b4 45. Ke2 b3 46. Bd5 b2 47. Be4
Kg5 48. g3 h5 49. Ke3 h4 50. g4 Kf6 51. Bc2 g5 52. Kd3 e4+ 53. Kxe4 Ke6 54. Kd4
Kd6 55. Bf5 Kc6 56. Kxc3 Kd5 57. Kd2 Kd4 58. Bd3 1-0

[Event "11th Asrian Memorial 2018"]
[Site "Yerevan ARM"]
[Date "2018.06.22"]
[Round "2.6"]
[White "Petrosyan, Tigran S."]
[Black "Andriasian, Zaven"]
[Result "1/2-1/2"]
[WhiteTitle "IM"]
[BlackTitle "GM"]
[WhiteElo "2460"]
[BlackElo "2586"]
[WhiteFideId "13303678"]
[BlackFideId "13302000"]
[EventDate "2018.06.21"]

1. Nf3 d5 2. d4 Nf6 3. c4 c6 4. Nc3 dxc4 5. a4 Bf5 6. e3 e6 7. Bxc4 Nbd7 8. O-O
Bb4 9. Qe2 Bg6 10. e4 O-O 11. Bd3 Re8 12. e5 Bxd3 13. Qxd3 Nd5 14. Nxd5 cxd5 15.
Qb5 Qe7 16. Bg5 f6 17. exf6 gxf6 18. Bh4 a6 19. Qxb7 Reb8 20. Qc7 Bd6 21. Qc3
Rb4 22. Ne5 Bxe5 23. dxe5 Rc4 24. exf6 Qf7 25. Qh3 Nxf6 26. b3 Rb4 27. Rac1 Nh5
28. Bg5 Qg6 29. Bd2 Rd4 30. Be3 Rd3 31. Qh4 Rxb3 32. Rc7 Rf8 33. Rfc1 Rb1 34. h3
Rxc1+ 35. Bxc1 e5 36. Ba3 Nf4 37. Qg4 Qxg4 38. hxg4 Rb8 39. Bd6 Nd3 40. f3 Rb6
41. Rd7 e4 42. fxe4 dxe4 43. Kf1 Rb2 44. Re7 Rf2+ 45. Kg1 Re2 46. g5 e3 47. Bg3
a5 48. Kf1 Rd2 49. Rxe3 Kf7 50. Bc7 Nc5 51. Bxa5 Ra2 52. Rf3+ Kg6 1/2-1/2

[Event "11th Asrian Memorial 2018"]
[Site "Yerevan ARM"]
[Date "2018.06.22"]
[Round "2.7"]
[White "Bernadskiy, Vitaliy"]
[Black "Danielian, Elina"]
[Result "0-1"]
[WhiteTitle "GM"]
[BlackTitle "GM"]
[WhiteElo "2586"]
[BlackElo "2412"]
[WhiteFideId "14100371"]
[BlackFideId "13300210"]
[EventDate "2018.06.21"]

1. e4 c6 2. d4 d5 3. e5 Bf5 4. Nf3 e6 5. Be2 Nd7 6. O-O h6 7. a4 a5 8. b3 Qc7 9.
c4 Bb4 10. cxd5 cxd5 11. Na3 Ne7 12. Nb5 Qb6 13. Ne1 Nc6 14. Nd3 O-O 15. Be3 Be7
16. Bg4 Bh7 17. Rc1 Rac8 18. Nf4 Nb4 19. Qf3 Rc6 20. Qh3 Kh8 21. Bd2 Bg5 22.
Rcd1 Nb8 23. Nd6 Rxd6 24. exd6 Qxd6 25. Qg3 Qd8 26. Nh5 N8c6 27. Bxg5 hxg5 28.
Qc3 f5 29. Be2 f4 30. Bg4 g6 31. Ng3 fxg3 32. fxg3 Rf5 33. Bxf5 gxf5 34. Rfe1
Qf6 35. Qc5 f4 36. Qd6 Nxd4 37. gxf4 gxf4 38. Re5 Nbc6 39. Rh5 f3 40. Qd7 Ne7
41. Qe8+ Ng8 42. Qd7 Nh6 43. Qc8+ Kg7 44. g4 Qf4 45. Qd7+ Nf7 46. Kf2 Bc2 47. h4
Qh2+ 48. Ke3 Qe2+ 49. Kxd4 Qxd1+ 50. Kc5 Qg1+ 0-1

[Event "11th Asrian Memorial 2018"]
[Site "Yerevan ARM"]
[Date "2018.06.22"]
[Round "2.8"]
[White "Rahul, Srivatshav P"]
[Black "Martirosyan, Haik M."]
[Result "1/2-1/2"]
[WhiteTitle "IM"]
[BlackTitle "GM"]
[WhiteElo "2397"]
[BlackElo "2572"]
[WhiteFideId "25059653"]
[BlackFideId "13306553"]
[EventDate "2018.06.21"]

1. d4 Nf6 2. c4 e6 3. Nc3 Bb4 4. e3 O-O 5. Bd2 d5 6. Nf3 b6 7. cxd5 exd5 8. Rc1
a6 9. Bd3 Bb7 10. O-O Bd6 11. Ne5 c5 12. f4 Nc6 13. Ng4 Be7 14. Nxf6+ Bxf6 15.
dxc5 bxc5 16. b3 Nb4 17. Bb1 d4 18. Na4 dxe3 19. Bxe3 Nd5 20. Bxc5 Re8 21. Qd3
g6 22. Qf3 Nc3 23. Qxb7 Ne2+ 24. Kh1 Nxc1 25. Rxc1 Qd2 26. Rg1 Bd4 27. Bxd4 Qxd4
28. f5 a5 29. fxg6 hxg6 30. Qf3 Ra7 31. Qc3 Qh4 32. Nb6 Rae7 33. Nd5 Re5 34. Qf3
Kg7 35. Rf1 f5 36. Nf4 Re3 37. Qb7+ R8e7 38. Qb6 Re1 1/2-1/2

[Event "11th Asrian Memorial 2018"]
[Site "Yerevan ARM"]
[Date "2018.06.23"]
[Round "3.1"]
[White "Sethuraman, S.P."]
[Black "Petrosyan, Manuel"]
[Result "1/2-1/2"]
[WhiteTitle "GM"]
[BlackTitle "GM"]
[WhiteElo "2657"]
[BlackElo "2551"]
[WhiteFideId "5021596"]
[BlackFideId "13300857"]
[EventDate "2018.06.21"]

1. e4 c6 2. d4 d5 3. e5 Bf5 4. Nd2 a6 5. Ngf3 e6 6. Nb3 Nd7 7. Be3 Bg6 8. Be2
Nh6 9. O-O Nf5 10. Bd2 c5 11. c3 Rc8 12. g4 Nh4 13. Nxh4 Qxh4 14. f4 Be4 15. Bf3
Bxf3 16. Qxf3 h5 17. g5 Qg4+ 18. Qxg4 hxg4 19. f5 g6 20. fxe6 fxe6 21. Rf4 Be7
22. Rxg4 cxd4 23. cxd4 Rc2 24. Rb1 1/2-1/2

[Event "11th Asrian Memorial 2018"]
[Site "Yerevan ARM"]
[Date "2018.06.23"]
[Round "3.2"]
[White "Danielian, Elina"]
[Black "Jumabayev, Rinat"]
[Result "0-1"]
[WhiteTitle "GM"]
[BlackTitle "GM"]
[WhiteElo "2412"]
[BlackElo "2594"]
[WhiteFideId "13300210"]
[BlackFideId "13702661"]
[EventDate "2018.06.21"]

1. Nf3 Nf6 2. c4 b6 3. Nc3 Bb7 4. e3 g6 5. d4 Bg7 6. Be2 O-O 7. d5 e6 8. e4 exd5
9. exd5 Re8 10. O-O Na6 11. Bg5 h6 12. Be3 Nc5 13. Nd4 c6 14. Bf3 cxd5 15. cxd5
Nfe4 16. Nxe4 Nxe4 17. Nb5 Ba6 18. Qa4 Bxb5 19. Qxb5 Nd6 20. Qb4 Nf5 21. d6 Rc8
22. Bd5 Be5 23. Rad1 Kg7 24. Bf4 a5 25. Bxe5+ Rxe5 26. Qd2 Qf6 27. b4 a4 28. Qd3
Qxd6 29. Qa6 Rc7 30. Bb3 Nd4 31. f4 Re4 32. Qxa4 Rxf4 33. Rxf4 Qxf4 34. Qa3 Qe3+
35. Kh1 Rc2 36. Qa8 Rd2 37. Rf1 Rf2 38. Rd1 Re2 39. h3 Re1+ 40. Rxe1 Qxe1+ 41.
Kh2 Ne2 0-1

[Event "11th Asrian Memorial 2018"]
[Site "Yerevan ARM"]
[Date "2018.06.23"]
[Round "3.3"]
[White "Danielyan, Vahe"]
[Black "Stupak, Kirill"]
[Result "1/2-1/2"]
[WhiteTitle "FM"]
[BlackTitle "GM"]
[WhiteElo "2387"]
[BlackElo "2564"]
[WhiteFideId "13304828"]
[BlackFideId "13503758"]
[EventDate "2018.06.21"]

1. e4 e6 2. d4 d5 3. Nc3 Nc6 4. Nf3 Nf6 5. exd5 exd5 6. Bb5 Bb4 7. Qe2+ Ne4 8.
O-O Bxc3 9. bxc3 O-O 10. Qe3 Ne7 11. Ba3 Nf5 12. Qf4 Nfd6 13. Bd3 Nxc3 14. Rfe1
Nce4 15. c4 Nf6 16. cxd5 Nxd5 17. Qg3 Qf6 18. Rac1 Bf5 19. Bc4 Ne7 20. Bb3 Nc6
21. d5 Na5 22. Rxc7 Rfd8 23. Ba4 Nac4 24. Bc1 h6 25. Bb3 Rac8 26. Rce7 Bg6 27.
Qf4 Qxf4 28. Bxf4 Na5 29. Ba4 Rc4 30. Bxd6 Rxd6 31. Be8 Rxd5 32. Ne5 Re4 33.
Nxg6 Rxe1+ 34. Rxe1 fxg6 35. Bxg6 Rd8 36. f4 Nc6 37. Rb1 Rd7 38. Be4 Kf7 39. Kf2
Ke7 40. Ke3 Na5 1/2-1/2

[Event "11th Asrian Memorial 2018"]
[Site "Yerevan ARM"]
[Date "2018.06.23"]
[Round "3.4"]
[White "Sasikiran, Krishnan"]
[Black "Papin, Vasily"]
[Result "1-0"]
[WhiteTitle "GM"]
[BlackTitle "GM"]
[WhiteElo "2666"]
[BlackElo "2490"]
[WhiteFideId "5004985"]
[BlackFideId "4143183"]
[EventDate "2018.06.21"]

1. e4 c5 2. Nf3 e6 3. d4 cxd4 4. Nxd4 Nc6 5. Nc3 a6 6. Be3 Nf6 7. Qd2 Bb4 8. f3
d5 9. O-O-O Qa5 10. Nb3 Bxc3 11. Nxa5 Bxd2+ 12. Bxd2 dxe4 13. Nxc6 bxc6 14. Be2
c5 15. Be3 Bb7 16. Bxc5 exf3 17. gxf3 Nd5 18. Rd4 e5 19. Re1 O-O-O 20. Ra4 Nc7
21. f4 e4 22. Bg4+ Kb8 23. Be7 Rd5 24. f5 h5 25. Bh3 Bc8 26. Raxe4 Bxf5 27. Rb4+
Kc8 28. Bg2 Rb5 29. Rc4 Rb6 30. Rd1 Bg4 31. Bd6 Bxd1 32. Bxc7 Be2 33. Rc3 Re6
34. Bd5 Kd7 35. Bxe6+ fxe6 36. Be5 Rf8 37. Rc7+ Kd8 38. Rxg7 Rf5 39. Bg3 e5 40.
Kd2 Bb5 41. b3 e4 42. Rg6 a5 43. Ke3 Rf3+ 44. Kxe4 Rc3 45. Rd6+ Kc8 46. Rd2 Be8
47. Kd4 Rf3 48. Rf2 Rxf2 49. Bxf2 Bg6 50. c4 Bb1 51. a3 Kb7 52. Kc5 Ba2 53. b4
axb4 54. axb4 Bb3 55. b5 Bd1 56. Kb4 Bf3 57. c5 Bg2 58. c6+ 1-0

[Event "11th Asrian Memorial 2018"]
[Site "Yerevan ARM"]
[Date "2018.06.23"]
[Round "3.5"]
[White "Abdumalik, Zhansaya"]
[Black "Melkumyan, Hrant"]
[Result "1/2-1/2"]
[WhiteTitle "IM"]
[BlackTitle "GM"]
[WhiteElo "2488"]
[BlackElo "2662"]
[WhiteFideId "13703544"]
[BlackFideId "13302485"]
[EventDate "2018.06.21"]

1. e4 c5 2. Nf3 Nc6 3. d4 cxd4 4. Nxd4 g6 5. c4 Nf6 6. Nc3 d6 7. Be2 Nxd4 8.
Qxd4 Bg7 9. Be3 O-O 10. Qd2 a5 11. O-O a4 12. f3 Qa5 13. Rab1 Be6 14. Nd5 Qxd2
15. Nxe7+ Kh8 16. Bxd2 Rfe8 17. Nd5 Nxd5 18. cxd5 Bxd5 19. b3 f5 20. Bb5 Bc6 21.
bxa4 fxe4 22. fxe4 Rxe4 23. a5 Bd5 24. Rb4 Rc8 25. Rxe4 Bxe4 26. Be3 Be5 27. Rc1
Rxc1+ 28. Bxc1 Kg7 29. a6 bxa6 30. Bxa6 Kf6 31. Be3 Bc6 32. Bd3 Ke6 33. g3 Bc3
34. Kf2 d5 35. h4 d4 36. Bg5 Bd5 37. h5 gxh5 38. Bxh7 Kf7 39. a3 Bc4 40. Bf5 d3
41. g4 Bd4+ 42. Ke1 Bf6 43. Bxf6 Kxf6 44. Bxd3 Bxd3 45. gxh5 Ke5 1/2-1/2

[Event "11th Asrian Memorial 2018"]
[Site "Yerevan ARM"]
[Date "2018.06.23"]
[Round "3.6"]
[White "Pashikian, Arman"]
[Black "Petrosyan, Tigran S."]
[Result "1/2-1/2"]
[WhiteTitle "GM"]
[BlackTitle "IM"]
[WhiteElo "2608"]
[BlackElo "2460"]
[WhiteFideId "13301578"]
[BlackFideId "13303678"]
[EventDate "2018.06.21"]

1. d4 d5 2. c4 c6 3. Nf3 Nf6 4. Nc3 e6 5. Bg5 Nbd7 6. e3 Qa5 7. Nd2 dxc4 8. Bxf6
Nxf6 9. Nxc4 Qc7 10. g3 Be7 11. Bg2 O-O 12. O-O Rd8 13. Qe2 Bd7 14. e4 b5 15.
Ne3 Be8 16. e5 Nd5 17. Ncxd5 cxd5 18. f4 Qb6 19. Rad1 b4 20. Rf2 Rac8 21. f5 Bg5
22. f6 Bb5 23. Qf3 g6 24. h4 Bxe3 25. Qxe3 Kh8 26. Bf3 Rg8 27. Rdd2 Qa5 28. b3
Rc3 29. Qf4 Bd3 30. Kh2 Qc7 31. Be2 Be4 32. Bf3 Bd3 33. Be2 Be4 34. Bf3 1/2-1/2

[Event "11th Asrian Memorial 2018"]
[Site "Yerevan ARM"]
[Date "2018.06.23"]
[Round "3.7"]
[White "Andriasian, Zaven"]
[Black "Pogonina, Natalija"]
[Result "1-0"]
[WhiteTitle "GM"]
[BlackTitle "WGM"]
[WhiteElo "2586"]
[BlackElo "2469"]
[WhiteFideId "13302000"]
[BlackFideId "4147855"]
[EventDate "2018.06.21"]

1. e4 e5 2. Nf3 Nc6 3. Bc4 Bc5 4. d3 Nf6 5. O-O d6 6. c3 a6 7. Bb3 h6 8. Nbd2
O-O 9. h3 Be6 10. Re1 Bxb3 11. axb3 Ba7 12. Nh4 Qd7 13. Nf1 Kh7 14. Ng3 g6 15.
Nf3 d5 16. Qd2 Ng8 17. b4 Rad8 18. Qe2 dxe4 19. dxe4 Qd3 20. Qxd3 Rxd3 21. Nf1
Kg7 22. N1d2 f6 23. Nc4 Nge7 24. Kf1 h5 25. Ke2 Rd7 26. Rh1 Rh8 27. Bd2 Kf7 28.
Be3 Bxe3 29. Nxe3 Nd8 30. Nc4 Nec6 31. g3 Ne6 32. Rhd1 Rhd8 33. Rxd7+ Rxd7 34.
h4 Rd8 35. Nfd2 Ke7 36. Ne3 Kf7 37. Nb3 Rd7 38. Nc4 Ke7 39. Ke3 Kf7 40. Rf1 Ne7
41. f4 exf4+ 42. gxf4 b5 43. Ncd2 f5 44. Nf3 Kf6 45. Nfd4 Nxd4 46. e5+ Kf7 47.
Nxd4 Ke8 48. Kf3 c6 49. Ra1 Ra7 50. Ne6 Nd5 51. Nc5 Nc7 52. Rg1 Kf7 53. Nb3 Nd5
54. Rd1 Rc7 55. Ra1 Ra7 56. Nd4 Ne7 57. Ke2 Ke8 58. Nb3 Nd5 59. Kf3 Kf7 60. Nd4
Ne7 61. b3 Ra8 62. c4 bxc4 63. bxc4 Rb8 64. Ra4 Ke8 65. Ke3 Ra8 66. Ne6 Rb8 67.
Kd4 Nc8 68. Kc5 Kd7 69. Nd4 Rb6 70. Ra1 Kc7 71. Rg1 Ne7 72. Ne6+ Kb7 73. Rd1 Nc8
74. Rd8 1-0

[Event "11th Asrian Memorial 2018"]
[Site "Yerevan ARM"]
[Date "2018.06.23"]
[Round "3.8"]
[White "Martirosyan, Haik M."]
[Black "Kacharava, Nikolozi"]
[Result "1-0"]
[WhiteTitle "GM"]
[BlackTitle "FM"]
[WhiteElo "2572"]
[BlackElo "2390"]
[WhiteFideId "13306553"]
[BlackFideId "13611860"]
[EventDate "2018.06.21"]

1. e4 d6 2. d4 Nf6 3. Nc3 e5 4. Nf3 Nbd7 5. Bc4 Be7 6. O-O O-O 7. Re1 exd4 8.
Nxd4 Nb6 9. Bf1 d5 10. e5 Ne8 11. Nce2 g6 12. a4 a5 13. b3 Ng7 14. Nf4 c6 15.
Nd3 Nd7 16. Ba3 Bxa3 17. Rxa3 Qe7 18. Ra1 Nc5 19. Nxc5 Qxc5 20. Qd2 Bg4 21. c3
Qe7 22. b4 f6 23. Qf4 Bd7 24. exf6 Qxf6 25. Qxf6 Rxf6 26. Nb3 b6 27. bxa5 bxa5
28. c4 Ne6 29. Red1 Rf5 30. g3 Rb8 31. Rab1 d4 32. Bh3 Ng5 33. Bg2 c5 34. f4
Bxa4 35. Nxa5 Rxb1 36. Rxb1 Nf7 37. Be4 Rf6 38. Nb7 Bc6 39. Nxc5 Bxe4 40. Nxe4
Re6 41. Nc5 Rc6 42. Nd3 Rxc4 43. Rb8+ Kg7 44. Rb7 Rc8 45. Ne5 Rf8 46. Kf2 Kg8
47. Nxf7 Rxf7 48. Rxf7 Kxf7 49. Kf3 Kf6 50. Ke4 h5 51. h3 g5 52. h4 gxh4 53.
gxh4 Ke6 54. Kxd4 Kf5 55. Ke3 Kg4 56. Ke4 Kxh4 1-0

[Event "11th Asrian Memorial 2018"]
[Site "Yerevan ARM"]
[Date "2018.06.23"]
[Round "3.10"]
[White "Mkrtchian, Lilit"]
[Black "Hakobyan, Aram"]
[Result "0-1"]
[WhiteTitle "IM"]
[BlackTitle "GM"]
[WhiteElo "2392"]
[BlackElo "2542"]
[WhiteFideId "13300601"]
[BlackFideId "13306677"]
[EventDate "2018.06.21"]

1. c4 Nf6 2. g3 c6 3. Bg2 d5 4. Nf3 dxc4 5. O-O Nbd7 6. Qc2 Nb6 7. Na3 Be6 8. b3
cxb3 9. axb3 g6 10. Nc4 Bg7 11. Bb2 O-O 12. Na5 Qc8 13. e4 Bg4 14. Ne5 Bh3 15.
Bxh3 Qxh3 16. Nxb7 Nbd7 17. Nf3 Qg4 18. Kg2 Nh5 19. Ng1 Bxb2 20. f3 Qg5 21. Qxb2
e5 22. Qc3 c5 23. Nxc5 Rac8 24. Ra5 Rxc5 25. Rxc5 Nxc5 26. Qxc5 Rd8 27. Qxa7
Rxd2+ 28. Rf2 Nf4+ 29. Kh1 Rd1 30. Qa6 Nd3 31. Rg2 Qe3 32. Qc8+ Kg7 33. Qc2
Rxg1+ 34. Rxg1 Qxf3+ 0-1

[Event "11th Asrian Memorial 2018"]
[Site "Yerevan ARM"]
[Date "2018.06.23"]
[Round "3.13"]
[White "Mikaelyan, Arman"]
[Black "Sargsyan, Anna M."]
[Result "1-0"]
[WhiteTitle "GM"]
[BlackTitle "WFM"]
[WhiteElo "2500"]
[BlackElo "2323"]
[WhiteFideId "13304852"]
[BlackFideId "13308130"]
[EventDate "2018.06.21"]

1. e4 c6 2. d4 d5 3. exd5 cxd5 4. Bd3 Nf6 5. c3 Nc6 6. Bf4 g6 7. Nf3 Bg7 8. Nbd2
Bf5 9. Bxf5 gxf5 10. Ne5 Ne4 11. Nxe4 fxe4 12. Nxc6 bxc6 13. O-O Qd7 14. f3 exf3
15. Qxf3 O-O 16. Rae1 Rae8 17. Qh5 e6 18. Rf3 f5 19. Rfe3 Rf7 20. Bh6 Bf6 21.
Qxf5 Bxd4 22. Qg4+ Bg7 23. Rxe6 Ref8 24. h3 Qb7 25. Re8 Qd7 26. Rxf8+ Kxf8 27.
Bxg7+ Rxg7 28. Qb4+ Kf7 29. Qf4+ Kg8 30. Qb8+ Kf7 31. Rf1+ Kg6 32. Qg3+ Kh5 33.
Qf3+ Kh6 34. Qf4+ Kh5 35. g4+ Kh4 36. Qf2+ Kxh3 37. Qh2+ 1-0

[Event "11th Asrian Memorial 2018"]
[Site "Yerevan ARM"]
[Date "2018.06.23"]
[Round "3.14"]
[White "Gharibyan, Mamikon"]
[Black "Harutyunian, Tigran K."]
[Result "1-0"]
[WhiteTitle "FM"]
[BlackTitle "IM"]
[WhiteElo "2275"]
[BlackElo "2499"]
[WhiteFideId "13308300"]
[BlackFideId "13303635"]
[EventDate "2018.06.21"]

1. d4 d5 2. c4 c6 3. Nf3 Nf6 4. e3 e6 5. b3 Nbd7 6. Bb2 b6 7. Bd3 Bb7 8. O-O Bd6
9. Nbd2 O-O 10. Ne5 c5 11. Qe2 cxd4 12. exd4 Qe7 13. f4 Rfe8 14. g4 g6 15. h4
Bb4 16. g5 Nh5 17. Rf2 Rad8 18. Nf1 dxc4 19. bxc4 Ba3 20. Bc3 Bb4 21. Bb2 Ba3
22. Bc3 Nxe5 23. fxe5 b5 24. cxb5 Qc7 25. Qd2 Rc8 26. Bb4 Bxb4 27. Qxb4 Red8 28.
Rd1 Qc3 29. Qe7 Qxd4 30. Be2 Qb6 31. Rxd8+ Rxd8 32. Qxf7+ Kh8 33. Bxh5 gxh5 34.
Qf6+ Kg8 35. g6 hxg6 36. Qxg6+ Kh8 37. Qxh5+ Kg7 38. Qf7+ Kh8 39. Kh2 Qd4 40.
Qh5+ Kg8 41. Qg6+ Kh8 42. Qh6+ Kg8 43. Qxe6+ Kh8 44. Qh6+ Kg8 45. Qg5+ Kh8 46.
Rd2 1-0

[Event "11th Asrian Memorial 2018"]
[Site "Yerevan ARM"]
[Date "2018.06.23"]
[Round "3.18"]
[White "Yeritsyan, Hayk"]
[Black "Sargsyan, Shant"]
[Result "0-1"]
[BlackTitle "IM"]
[WhiteElo "2196"]
[BlackElo "2499"]
[WhiteFideId "13307320"]
[BlackFideId "13306766"]
[EventDate "2018.06.21"]

1. Nf3 Nf6 2. g3 g6 3. Bg2 Bg7 4. O-O O-O 5. d4 c6 6. c4 Ne4 7. Nc3 Nxc3 8. bxc3
d6 9. e4 c5 10. Be3 Nc6 11. d5 Ne5 12. Nxe5 Bxe5 13. Qd2 Qa5 14. Rac1 Bg7 15.
Bg5 f6 16. Bf4 Qa4 17. Qe2 Rf7 18. Rfe1 Bd7 19. Rb1 b6 20. h4 Re8 21. Kh2 e5 22.
dxe6 Bxe6 23. Bf1 Rd7 24. Rbd1 Bf8 25. Bh3 Bxh3 26. Kxh3 f5 27. Qd3 fxe4 28.
Qd5+ Rf7 29. Kg2 Bg7 30. h5 gxh5 31. Rh1 e3 32. Bxe3 Re5 33. Qxd6 Qxc4 34. Rh4
Qxa2 35. Rf4 Re8 36. Rd5 Rxf4 37. gxf4 Qe2 38. Rd2 Qg4+ 39. Kf1 h4 40. Qd5+ Kh8
41. c4 h3 42. Qd7 Qg2+ 43. Ke2 Qe4 44. Qxh3 Qxc4+ 45. Kf3 Qe4+ 46. Kg3 Bd4 0-1

[Event "11th Asrian Memorial 2018"]
[Site "Yerevan ARM"]
[Date "2018.06.23"]
[Round "3.22"]
[White "Shmavonyan, Areg"]
[Black "Hakobyan, Hovhannes H."]
[Result "1/2-1/2"]
[BlackTitle "FM"]
[WhiteElo "2103"]
[BlackElo "2266"]
[WhiteFideId "13309420"]
[BlackFideId "13306308"]
[EventDate "2018.06.21"]

1. d4 Nf6 2. Nf3 g6 3. Bf4 Bg7 4. e3 O-O 5. Be2 d6 6. h3 c5 7. c3 cxd4 8. exd4
Qb6 9. Qb3 Be6 10. Qxb6 axb6 11. a3 Nc6 12. Nbd2 Nd5 13. Bg3 Nc7 14. O-O b5 15.
Rfe1 Bd5 16. Bf1 Rae8 17. Rad1 f6 18. Bf4 f5 19. g3 e5 20. dxe5 dxe5 21. Be3 e4
22. Nh4 Rf7 23. Ng2 Ne5 24. Bf4 Bc6 25. Be2 Ne6 26. Be3 Rd7 27. Nb3 Red8 28.
Rxd7 Rxd7 29. Nf4 Ng5 30. Rd1 Ngf3+ 31. Kf1 Rxd1+ 32. Bxd1 g5 1/2-1/2